[Event "BLR-ch sf"]
[Site "Minsk"]
[Date "2023.12.09"]
[Round "3"]
[White "Savelev, Matvei"]
[Black "Mrishchuk, Volodymyr"]
[Result "0-1"]
[WhiteElo "1829"]
[BlackElo "1470"]
[PlyCount "98"]
[EventDate "2023.12.07"]
[EventType "swiss"]
[EventRounds "9"]
[EventCountry "BLR"]
[SourceTitle "CBM 217 Extra"]
[Source "ChessBase"]
[SourceDate "2024.01.31"]
[SourceVersion "1"]
[SourceVersionDate "2024.01.31"]
[SourceQuality "1"]

1. d4 f5 2. Bf4 Nf6 3. e3 e6 4. Bd3 b6 5. Nf3 Bb7 6. Nbd2 Be7 7. c3 0-0 8. Qc2 h6 9. Rg1 Bd6 10. 0-0-0 Bxf4 11. exf4 Nd5 12. g3 c5 13. a3 Nc6 14. dxc5 bxc5 15. c4 Nf6 16. h3 h5 17. Nb3 Nb4 18. axb4 Bxf3 19. Rde1 cxb4 20. Nd2 Bc6 21. f3 Qc7 22. Re5 Qd6 23. Rg2 a5 24. c5 Qc7 25. g4 hxg4 26. hxg4 Nxg4 27. Rxg4 fxg4 28. Bh7+ Kh8 29. Nc4 Rf6 30. fxg4 Rh6 31. Be4 Rf8 32. Qf2 Bd5 33. Nd6 Bxe4 34. Rxe4 Qc6 35. Re1 Rh1 36. Rxh1+ Qxh1+ 37. Kc2 b3+ 38. Kxb3 Qd1+ 39. Ka2 Qa4+ 40. Kb1 Qxf4 41. Qh4+ Qh6 42. Qe7 Qh1+ 43. Kc2 Rf2+ 44. Kc3 Qc1+ 45. Kd3 Rd2+ 46. Ke4 Qe1+ 47. Kf4 Rf2+ 48. Kg5 Qe3+ 49. Kh4 Rh2# 0-1

[Event "Minsk op"]
[Site "Minsk"]
[Date "2023.11.11"]
[Round "9"]
[White "Mrishchuk, Volodymyr"]
[Black "Baikou, Stsiapan"]
[Result "1-0"]
[WhiteElo "1430"]
[BlackElo "1016"]
[PlyCount "120"]
[EventDate "2023.11.03"]
[EventType "swiss"]
[EventRounds "9"]
[EventCountry "BLR"]
[SourceTitle "CBM 217 Extra"]
[Source "ChessBase"]
[SourceDate "2024.01.31"]
[SourceVersion "1"]
[SourceVersionDate "2024.01.31"]
[SourceQuality "1"]

1. e4 e6 2. d4 d5 3. e5 c5 4. c3 Nc6 5. Nf3 Qb6 6. a3 Nh6 7. Bd3 Bd7 8. Bc2 cxd4 9. cxd4 Na5 10. b4 Nc4 11. Bxh6 gxh6 12. Nc3 Rc8 13. Na4 Qc7 14. Bd3 Nxa3 15. Nc5 Nb5 16. Bxb5 Bxb5 17. Rxa7 Bxc5 18. dxc5 Qb8 19. Ra5 Bd7 20. Qd2 b6 21. cxb6 Qxb6 22. 0-0 Rg8 23. Rb1 Rg4 24. h3 Rgc4 25. Ra2 h5 26. Ng5 Rb8 27. Nxh7 Rxb4 28. Rxb4 Qxb4 29. Qxb4 Rxb4 30. Nf6+ Kd8 31. Nxh5 Rb1+ 32. Kh2 Bc6 33. Rd2 Ke7 34. Rd4 Rb2 35. Kg3 Re2 36. Nf6 Rxe5 37. Ng4 Rg5 38. f4 Rg8 39. Kf3 f5 40. Ne5 Kd6 41. Rb4 Kc5 42. Nd3+ Kd6 43. Rd4 Bb5 44. Ne5 Kc5 45. Rd1 d4 46. g4 Rh8 47. Kg3 fxg4 48. hxg4 Kd5 49. Ng6 Ra8 50. Ne5 Ra3+ 51. Kh4 Ke4 52. Kg5 d3 53. Re1+ Kd5 54. Nf3 Ra8 55. Re5+ Kc4 56. Rxe6 Rg8+ 57. Kf5 Rf8+ 58. Ke4 Rd8 59. Nd2+ Kc3 60. Ke3 Rh8 1-0

[Event "Minsk op"]
[Site "Minsk"]
[Date "2023.11.05"]
[Round "3"]
[White "Mrishchuk, Volodymyr"]
[Black "Elkin, Leonid"]
[Result "1/2-1/2"]
[WhiteElo "1430"]
[BlackElo "1874"]
[PlyCount "87"]
[EventDate "2023.11.03"]
[EventType "swiss"]
[EventRounds "9"]
[EventCountry "BLR"]
[SourceTitle "CBM 217 Extra"]
[Source "ChessBase"]
[SourceDate "2024.01.31"]
[SourceVersion "1"]
[SourceVersionDate "2024.01.31"]
[SourceQuality "1"]

1. e4 e6 2. d4 d5 3. e5 c5 4. c3 Qb6 5. Nf3 Bd7 6. a3 Bb5 7. Be2 Bxe2 8. Qxe2 Qa6 9. dxc5 Qxe2+ 10. Kxe2 Bxc5 11. b4 Bb6 12. Nd4 Bxd4 13. cxd4 Ne7 14. Be3 Nbc6 15. Nd2 Nf5 16. Nb3 b6 17. Rac1 Kd7 18. Rc3 Rhc8 19. Rhc1 Nce7 20. g4 Nh4 21. f4 Rxc3 22. Rxc3 Rc8 23. Rxc8 Kxc8 24. Bf2 Nhg6 25. Ke3 Kd7 26. b5 f6 27. h4 h5 28. exf6 gxf6 29. gxh5 Nf5+ 30. Kf3 Nge7 31. Nc1 Ke8 32. Nd3 Kf7 33. Nb4 Kg7 34. Nc6 Nxc6 35. bxc6 Kh6 36. c7 Ne7 37. Kg4 f5+ 38. Kf3 Kxh5 39. Ke3 Kg4 40. Bg3 a5 41. Kd3 Nc8 42. Kc3 Na7 43. Kb3 Kh5 44. Ka4 1/2-1/2